| 000 | 00745nam a2200241Ia 4500 | ||
|---|---|---|---|
| 003 | OSt | ||
| 005 | 20220916110950.0 | ||
| 006 | a|||||r|||| 00| 0 | ||
| 007 | ta | ||
| 008 | 220915b |||||||| |||| 00| 0 eng d | ||
| 024 | _a39429 | ||
| 037 | _cTextbook | ||
| 040 |
_beng _aARTS _cARTS |
||
| 041 | _aeng | ||
| 082 | _aO12,6I67,1:gx, 111K9 | ||
| 100 | _aWilliams Kathleen Ed. | ||
| 245 | 0 | _aTwentieth century interpretations of the praise of folly : A collection of critical essays ed. by Kathleen Williams | |
| 260 |
_aNew Jersey _bPrentice Hall USA |
||
| 300 |
_a122p. _ccm. |
||
| 650 | _aENGLISH LITERATURE | ||
| 942 |
_hO12,6I67,1:gx, 111K9 _cTB _2CC |
||
| 999 |
_c102410 _d102410 |
||